| 000 | 01133nam a22003137a 4500 | ||
|---|---|---|---|
| 001 | 1019 | ||
| 005 | 20230718132826.0 | ||
| 008 | 230718b cb ||||| |||| 00| 0 eng d | ||
| 020 | _a9780374380014 | ||
| 040 |
_aDLC _cDLC _dDLC _beng |
||
| 050 | 0 | 0 |
_aPZ7.D3597 _bWhl 2011 |
| 082 | 0 | 0 |
_a578 _222 |
| 100 | 1 | _aDeFelice, Cynthia. | |
| 245 | 1 | 0 |
_aWild life / _cCynthia DeFelice. |
| 250 | _aFirst Scholastic printing, September 2012. | ||
| 260 |
_aNew York : _bScholastic, _c2012. |
||
| 300 |
_a177 pages ; _c20 cm. |
||
| 505 | _aW | ||
| 520 | _aWhen twelve-year-old Eric's parents are deployed to Iraq, he goes to live with grandparents he hardly knows in a small town in North Dakota, but his grandfather's hostility and the threat of losing the dog he has rescued are too much and Eric runs away. | ||
| 521 |
_a860
_bLexile |
||
| 521 |
_aW _bRaz-Plus |
||
| 650 | 1 |
_aGrandparents _vFiction. |
|
| 650 | 1 |
_aDogs _vFiction. |
|
| 650 | 1 |
_aRunaways _vFiction. |
|
| 650 | 1 |
_aGrief _vFiction. |
|
| 650 | 1 |
_aFamily life _zNorth Dakota _vFiction. |
|
| 906 |
_a7 _bcbc _corignew _d1 _eecip _f20 _gy-gencatlg |
||
| 942 |
_2ddc _cBK _n0 |
||
| 999 |
_c1019 _d1019 |
||